000 00765nam a22002417a 4500
999 _c1264
_d1264
003 AR-CdUCM
008 190226b ||||| |||| 00| 0 spa d
040 _aMUNICIPALIDAD PROVINCIAL DEL CUSCO
_cBIBLIOTECA MUNICIPAL DEL CUSCO
041 _hfre
082 _a962.5 /
_bF78
100 _aFouchet, Max-Pol
_94911
245 _aLos tesoros de Nubia /
260 _aMéxico, D. F :
_bEdit. Hermes,
_c1966.
300 _a284 páginas ;
_bFotografías.
_c24 cm.
505 _aAl Nilo, Poema - El pan y las piedras File - Preludio a Kalabsha - Kalabsha...
650 _aEgipto
_9804
650 _aAfrica
_91289
650 _aPirámides de Egipto
_94912
650 _aFotografía
_94511
650 _aHistoria
_9136
942 _2ddc
_cLIBROS
945 _admma
_d2019-02-26